Difficult atheism : post-theological thinking in Alain Badiou, Jean-Luc Nancy and Quentin Meillassoux /

Bibliographic Details
Main Author: Watkin, Christopher
Corporate Author: ebrary, Inc
Format: eBook
Language:English
Published: Edinburgh : Edinburgh University Press, 2011.
Series:Crosscurrents (Edinburgh, Scotland)
Subjects:
Online Access:Connect to the full text of this electronic book

MARC

Tag First Indicator Second Indicator Subfields
LEADER 00000cam a2200000Ia 4500
001 in00002714213
006 m d
007 cr cn|||||||||
008 110510s2011 stk ob 001 0 eng d
005 20250816224059.1
020 |z 0748640576 
020 |z 9780748640577 
035 |a (CaPaEBR)ebr10478313 
035 |a (OCoLC)741354402 
040 |a CaPaEBR  |c CaPaEBR  |d UtOrBLW 
050 1 4 |a BL2765.F8  |b W38 2011eb 
100 1 |a Watkin, Christopher. 
245 1 0 |a Difficult atheism :  |b post-theological thinking in Alain Badiou, Jean-Luc Nancy and Quentin Meillassoux /  |c by Christopher Watkin. 
264 1 |a Edinburgh :  |b Edinburgh University Press,  |c 2011. 
300 |a xiii, 281 pages 
336 |a text  |b txt  |2 rdacontent 
337 |a computer  |b c  |2 rdamedia 
338 |a online resource  |b cr  |2 rdacarrier 
490 1 |a Crosscurrents 
504 |a Includes bibliographic references and index. 
533 |a Electronic reproduction.  |b Palo Alto, Calif. :  |c ebrary,  |d 2011.  |n Available via World Wide Web.  |n Access may be limited to ebrary affiliated libraries. 
500 |a Electronic resource. 
600 1 0 |a Badiou, Alain  |x Criticism and interpretation. 
600 1 0 |a Nancy, Jean-Luc  |x Criticism and interpretation. 
600 1 0 |a Meillassoux, Quentin,  |d 1967-  |x Criticism and interpretation. 
650 0 |a Atheism. 
650 0 |a Philosophy, French  |y 20th century. 
650 0 |a Philosophy, French  |y 21st century. 
655 7 |a Electronic books.  |2 local 
710 2 |a ebrary, Inc. 
830 0 |a Crosscurrents (Edinburgh, Scotland) 
856 4 0 |u https://ebookcentral.proquest.com/lib/tamucs/detail.action?docID=716578  |y Connect to the full text of this electronic book  |t 0 
980 |a 110802  |b 104  |c USD  |e 104  |f YBP_EBR0000019056  |g 1 
999 f f |s d0e6f532-f7a3-3972-94e4-d636b81d3f78  |i 1d550e9a-20f1-39e5-9641-5d06f8735b4b  |t 0 
999 |a MARS 
952 f f |a Texas A&M University  |b College Station  |c Electronic Resources  |d Available Online  |t 0  |e BL2765.F8 W38 2011eb  |h Library of Congress classification 
998 f f |a BL2765.F8 W38 2011eb  |t 0  |l Available Online